Información y desarrollo: diálogo entre proveedores y usuarios. Informe de la Reunión sobre Información para el Desarrollo en Latinoamérica y el Caribe /

Uloženo v:
Podrobná bibliografie
Hlavní autor: Beltrán S., Luis Ramiro
Další autoři: Johnson de Vodanovic, Betty
Médium: Text
Vydáno: Bogotá: Publicación del CIID
Témata:
Tagy: Přidat tag
Žádné tagy, Buďte první, kdo vytvoří štítek k tomuto záznamu!

MARC

LEADER 00000 a a2200000 04500
001 15479
003
040
090 |a 016900  
100 |a Beltrán S., Luis Ramiro  
245 |a Información y desarrollo: diálogo entre proveedores y usuarios. Informe de la Reunión sobre Información para el Desarrollo en Latinoamérica y el Caribe /  |c Luis Ramiro Beltrán S. 
260 |a Bogotá:   |b Publicación del CIID  
300 |a 137 p.  
650 |a SERVICIOS DE INFORMACION  
700 |a Johnson de Vodanovic, Betty  
999 |c 14270  |d 14270